Soubor studijních materiálů a prezentací vzdělávacího modulu pro zaměstnance realitních firem : zpracovaného v rámci projektu Prohloubení nabídky dalšího vzdělávání v oblasti zeměměřictví a katastru nemovitostí ve Středočeském kraji : CZ.1.07/3.2.11/03.0115 /

Korporativní autor: Výzkumný ústav geodetický, topografický a kartografický
Další autoři: Drozda, Jiří
Jazyk: Čeština
Vydáno: Zdiby : Výzkumný ústav geodetický, topografický a kartografický, Odvětvové informační středisko, 2014
Témata:
Fyzický popis: 163 s. : barev. il., mapy, plány, faksim. ; 24 cm
Knihy
Uloženo v:
LEADER 01965nam a2200457 a 4500
001 nkc20152685266
003 CZ PrNK
005 20150421152930.0
007 ta
008 150320s2014 xr abehe p 000 0 cze
015 |a cnb002685266 
020 |a 978-80-85881-34-9  |q (brož.) 
035 |a (OCoLC)908822123 
040 |a OLA001  |b cze 
043 |a e-xr--- 
072 7 |a 528  |x Geodezie. Kartografie  |2 Konspekt  |9 7 
072 7 |a 37.016  |x Učební osnovy. Vyučovací předměty. Učebnice  |2 Konspekt  |9 22 
080 |a 528.4  |2 MRF 
080 |a 347.235  |2 MRF 
080 |a (437.3)  |2 MRF 
080 |a 528  |2 MRF 
080 |a (07)  |2 MRF 
245 0 0 |a Soubor studijních materiálů a prezentací vzdělávacího modulu pro zaměstnance realitních firem :  |b zpracovaného v rámci projektu Prohloubení nabídky dalšího vzdělávání v oblasti zeměměřictví a katastru nemovitostí ve Středočeském kraji : CZ.1.07/3.2.11/03.0115 /  |c [sestavil Jiří Drozda] 
260 |a Zdiby :  |b Výzkumný ústav geodetický, topografický a kartografický, Odvětvové informační středisko,  |c 2014 
300 |a 163 s. :  |b barev. il., mapy, plány, faksim. ;  |c 24 cm 
500 |a Nad názvem: Výzkumný ústav geodetický, topografický a kartografický 
500 |a Terminologické slovníky 
504 |a Obsahuje bibliografii 
650 0 7 |a katastr nemovitostí  |7 ph121515  |z Česko  |2 czenas 
650 0 7 |a geodézie  |7 ph114613  |z Česko  |2 czenas 
650 0 9 |a cadastres  |z Czechia  |2 eczenas 
650 0 9 |a geodesy  |z Czechia  |2 eczenas 
655 7 |a učební texty  |7 fd133599  |2 czenas 
655 9 |a educational texts  |2 eczenas 
700 1 |a Drozda, Jiří  |7 mzk2013746170  |4 com 
710 2 |a Výzkumný ústav geodetický, topografický a kartografický  |7 kn20030707004 
910 2 |a BOA001  |b 2-1345.160 
990 |a BK 
995 |a 01 
991 |b 201504  |c NOV  |e n 
996 6 |b 2610627772  |c 2-1345.160  |l MZK  |r Sklad / do 1 hodiny  |n 1  |p p.v.  |w 001497945  |u 000010  |a 1  |e BOA001  |j MZK50  |s P